| 000 | 01746cam a2200313 4500 | ||
|---|---|---|---|
| 001 | L159575 | ||
| 008 | 000000n2017 000 0 eng u | ||
| 020 | _a9781783211838 | ||
| 035 | _a(Sirsi) u159575 | ||
| 041 | 0 | _aeng | |
| 050 | 0 | 4 | _a347.4109 $2 18 |
| 110 | 2 |
_aRoyal Institution of Chartered Surveyors _94900 |
|
| 245 | 0 | 0 |
_aSurveyors acting as arbitrators in construction related disputes _h[electronic resource] |
| 250 | _a2nd ed. | ||
| 260 |
_aLondon _bRICS _c2017 |
||
| 300 | _a24p. | ||
| 490 | 0 | _aRICS Guidance Note | |
| 490 | 0 | _aRICS Professional Standard | |
| 520 | _aEffective 3rd July 2017 | ||
| 520 | _aApplies to RICS members appointed to act as arbitrator in a dispute relating to construction works. It should also be of assistance to parties involved in arbitration, and those acting for them, by making them aware of the procedures that may be followed. It includes the fundamentals of arbitration and the powers and duties of an arbitrator, the agreement and commencement of proceedings, appointment of the arbitrator, setting procedure, the interlocutory period, the hearing and award, termination/post award. | ||
| 520 | _aPlease note that there is separate guidance for Scotland. | ||
| 520 | _aThis document was reissued in April 2023 as a professional standard. It had previously been published in January 2020 as a guidance note, the original publication date of 2017 still stands. | ||
| 650 | 2 | 4 | _aARBITRATION |
| 651 | 4 |
_aEngland and Wales _y1543- |
|
| 651 | 4 | _aNorthern Ireland | |
| 690 |
_aDispute resolution _96236 |
||
| 856 | 4 | 1 |
_uhttps://www.rics.org/content/dam/ricsglobal/documents/standards/Surveyors-acting-as-arbitrators-in-construction-disputes.pdf _zView on RICS.org |
| 942 |
_n0 _2ddc |
||
| 999 |
_c116015 _d116015 |
||